1965 1443 1318 1668 1111 1610 1424 1849 1074 1482 1525 1883 1489 1113 1687 1819 1528 1573 1242 1326 1907 1018 1742 1744 1414 1136 1391 1799 1912 1361 1000 1249 1442 1375 1063 1037 1639 1300 1923 1197 1269 1277 1352 1542 1989 1863 1082 1517 1935 1208 1595 1967 1301 1614 1309 1562 1145 1239 1915 1761 1684 1892 1735 1290 1301 1667 1744 1129 1900 1270 1556 1788 1670 1197 1809 1487 1582 1258 1788 1987 1047 1986 1286 1837 1860 1395 1938 1115 1210 1192 1271 1511 1058 1170 1319 1936 1810 1157 1036 BCNSPRNW ULIB Ver.6.0+V

เปลี่ยนเป็นภาษาไทย

Change to English
 แสดงรายละเอียดบรรณานุกรม
  กลับหน้าหลัก

Brief Record : Get Marc (ISO 2709) : E-mail record : QR code < ปิดหน้าต่าง
LEADER : 00000nam 2200000uu 4500
001    13399127658
003     ULIB
008    210316s2561||||th 000 0 tha d
020    ^a9786164682337
060  4 ^aWG169^bอ978ส
100 0  ^aโอภาส ศรัทธาพุทธ, บรรณาธิการ
245 00 ^aสาระสำคัญทางศัลยศาสตร์หัวใจ = ^bEssentials of heart surgery /^cบรรณาธิการ, โอภาส ศรัทธาพุทธ
250    ^aพิมพ์ครั้งที่ 1
260    ^aปทุมธานี : ^bโรงพิมพ์มหาวิทยาลัยธรรมศาสตร์, ^c2561
300    ^a356 หน้า :^bภาพประกอบสี ;^c28 ซม
500    ^aผู้ใหญ่
504    ^aบรรณานุกรมท้ายบทและดรรชนีท้ายเล่ม
505 0  ^aประวัติศัลยกรรมหัวใจ -- ศัลยกายวิภาคของหัวใจ --การดูแลผู้ป่วยในระยะปริศัลยกรรม -- Cardiopulmonary bypassสำหรับการผ่าตัดหัวใจ -- วัสดุเทียมที่ใช้ในระบบหัวใจและหลอดเลือด --โรคหัวใจพิการแต่กำเนิด -- โรคลิ้นหัวใจที่เกิดขึ้นภายหลัง --การรักษาโรคหัวใจขาดเลือดด้วยวิธีศัลยกรรม --การรักษาภาวะหัวใจวายด้วยวิธีศัลยกรรม --หลอดเลือดเอออร์ตาในช่องอกโป่งพอง และการฉีกเซาะของผนังเอออร์ตา --การผ่าตัดในโรคของเยื่อหุ้มหัวใจ -- เนื้องอกของหัวใจ
650  2 ^aThoracic surgery
650  7 ^aหัวใจ^xศัลยกรรม
650  0 ^aมหาวิทยาลัยธรรมศาสตร์
700 0  ^aโอภาส ศรัทธาพุทธ,^eบรรณาธิการ
710 2  ^aมหาวิทยาลัยธรรมศาสตร์.^bคณะแพทยศาสตร์
945    ^p850^l0^i28726
945    ^p850^l0^i28727
999    ^aกัณชพร จุลอักษร
รายการนี้ยังไม่มีแท็ก
คุณยังไม่ได้ล็อกอิน คุณสามารถมีกิจกรรมร่วมกับเว็บไซต์ได้ แต่ต้องล็อกอินก่อน ::
  ล็อกอิน

รายการสื่อสารสนเทศ

ลำดับที่ ประเภท เลขเรียก/บาร์โค้ด สถานที่ สถานะ
1. หนังสือสำรอง
หนังสือสำรอง
WG169 อ978ส ฉ.1 
  Barcode: 28726
ห้องสมุดวิทยาเขตนครสวรรค์
►หนังสือทั่วไป:l:General Books
บนชั้น
2. วิทยาศาสตร์การแพทย์ และสุขภาพ
วิทยาศาสตร์การแพทย์ และสุขภาพ
WG169 อ978ส ฉ.2 
  Barcode: 28727
ห้องสมุดวิทยาเขตนครสวรรค์
►หนังสือทั่วไป:l:General Books
บนชั้น

รายการใกล้เคียง
    ผู้แต่ง [โอภาส ศรัทธาพุทธ, บรรณาธิการ]

    หัวเรื่อง [Thoracic surgery]
    หัวเรื่อง [มหาวิทยาลัยธรรมศาสตร์]

BibComment


ยังไม่เคยถูกคอมเมนท์

คอมเมนท์ทรัพยากรรายการนี้
  คอมเมนท์: สาระสำคัญทางศัลย..


 Copyright 2026. Bcnsprnw @Library